000
00295nam a2200121 4500
999
_c
11796
_d
11796
003
OSt
005
20230726163246.0
008
230726b ||||| |||| 00| 0 eng d
245
_a
Financial management of government housing projects
260
_a
United nations
300
_a
63p;
942
_2
ddc